Novela zákona o dani z príjmov účinná od 1.1.2015

Bibliographic Details
Format: Software Video
Language:Slovak
Published: [Žilina] Poradca podnikateľa [2015]
Series:Školíme podstatné veci
Subjects:
Online Access:http://www.pp.sk

MARC

LEADER 00000ngm a2200000 a 4500
001 vtls010679357
003 SK-MaSNL
005 20260301175314.0
007 co cga muuua
008 160430s2015 xo 092 s vlslo
015 |a SNBJ2016 
040 |a SNK  |b slo  |c SNK  |e AACR2 
041 0 |a slo 
043 |a e-xo--- 
044 |a xo  |c SK 
072 7 |a 336.1/.5  |x Verejné financie  |2 konspekt 
080 |a 336.226.1  |2 2001 
080 |a 34  |2 2001 
080 |a (437.6)  |2 2001 
080 |a (0.034.44)  |2 2001 
245 0 0 |a Novela zákona o dani z príjmov účinná od 1.1.2015  |h elektronický zdroj  |c [lektor:] Vladimír Ozimý 
260 |a [Žilina]  |b Poradca podnikateľa  |c [2015] 
300 |a 1 elektronický optický disk (DVD-ROM) (92 min.)  |b zvuk., fareb.  |c 12 cm 
490 1 |a Školíme podstatné veci 
500 |a Názov z titulnej obrazovky 
505 0 |a 1. Finančný prenájom od 1.1.2015 -- 2. Zmeny v odpisovaní majetku od 1.1.2015 -- 3. Daňová strata a zmeny v daňových výdavkoch od 1.1.2015 -- 4. Nedaňové výdavky od 1.1.2015 -- 5. Úprava základu dane od 1.1.2015 -- 6. Pravidlá nízkej kapitalizácie od 1.1.2015 -- 7. Odpočet výdavkov na výskum a vývoj od 1.1.2015 -- 8. DzP - zmeny v závislej činnosti od 1.1.2015 -- 9. Zmeny v preddavkoch na daň z príjmov od 1.1.2015 -- príloha - Novela zákona o dani z príjmov účinná od 1.1.2015 - prezentácia 
516 |a Videoškolenie, súbory vo formáte mp4, pdf, aplikácia VLC 
538 |a Systémové požiadavky: multimediálny prehrávač, pdf prehliadač 
648 7 |a 2015  |2 SNKPH  |9 337775 
650 0 7 |a dane z príjmov  |2 SNKPH  |9 2125 
650 0 7 |a zákony  |2 SNKPH  |9 1156 
650 0 7 |a Income tax  |2 SNKPHeng  |9 274436 
650 0 7 |a Laws  |2 SNKPHeng  |9 268422 
651 7 |a Slovensko  |2 SNKPH 
651 7 |a Slovakia  |2 SNKPHeng  |9 92630 
655 7 |a DVD  |2 SNKPH  |9 70751 
655 7 |a videoškolenia  |2 SNKPH  |9 334334 
655 7 |a Video training  |2 SNKPHeng  |9 334335 
700 1 |a Ozimý, Vladimír  |4 oth  |9 335955 
830 0 |a Školíme podstatné veci  |9 334337 
856 4 1 |u http://www.pp.sk 
999 |c 842425  |d 844355 
952 |a SNK  |b SNK  |y PREZ  |7 0  |p 17A1158260  |o snkSDVD 1883  |i snk2015/15718  |8 0  |0 0  |1 0  |4 0  |d 2015-05-15  |l 0  |r 2026-02-24 04:15:56  |w 2026-02-24